De viva voz: língua portuguesa

Saved in:
Bibliographic Details
Main Author: Costa, Alice Gomes da
Other Authors: Gil, Vera Luís, Agustina Bessa
Format: Unknown
Language:Portuguese
Published: Cacém Texto 1999
Edition:3ª ed.
Textbook Catalogue:MANES:  Library Catalog Search Result
Textbook Classification:
Tags: Add Tag
No Tags, Be the first to tag this record!
Added to:2016-04-26
Changed in:2025-04-25

MARC

LEADER 000000000a22000000004500
001 31777
003 OSt
005 20250425111609.0
008 160427s pt ||||| |||| 00| 0 por d
040 |c centro_manes 
041 1 |a por 
100 1 |a Costa, Alice Gomes da  |9 16602 
245 0 0 |a De viva voz: língua portuguesa 
250 |a 3ª ed. 
260 3 |a Cacém  |b Texto  |c 1999 
300 |a 304 p.;  |c 27 cm 
561 |5 pt-BNP  |a Portugal. Biblioteca Nacional de Portugal  |k MANES 
690 |a LEN 
691 |a SE 
700 1 |a Gil, Vera  |9 16603  |a Luís, Agustina Bessa  |9 16637 
942 |2 ddc  |c BK 
546 |a Portugal 
999 |c 33239  |d 33239 
999 |c manes:33239  |d 33239